ISO/IEC 29110: para procesos software en las pequeñas empresas (Registro nro. 12726)

Detalles MARC
000 -CABECERA
campo de control de longitud fija 00837nam a2200277 4500
005 - FECHA Y HORA DE ACTUALIZACIÓN
campo de control 20230614185759.0
008 - LONGITUD FIJA
campo de control de longitud fija 200908b2018 xxu||||| |||| 00| 0 spa d
020 ## - INTERNATIONAL STANDARD BOOK NUMBER
Número Internacional Estándar del Libro 9788481439663
041 ## - IDIOMA
Código de idioma del texto/pista de sonido o título separado Español
082 ## - CLASIFICACIÓN DECIMAL DEWEY
Número de clasificación 005.1 P657i
100 ## - AUTOR PERSONAL
Nombre de persona Pino Correa, Francisco
100 ## - AUTOR PERSONAL
Nombre de persona Pino Anacona, Andrés
100 ## - AUTOR PERSONAL
Nombre de persona Caicedo Rondéz, Andrés
100 ## - AUTOR PERSONAL
Nombre de persona Piattini Velthuis, Mario
245 ## - TÍTULO PROPIAMENTE DICHO
Título ISO/IEC 29110: para procesos software en las pequeñas empresas
260 ## - PIE DE IMPRENTA
Lugar de publicación, distribución, etc. España
260 ## - PIE DE IMPRENTA
Nombre del editor, distribuidor, etc. AENOR
260 ## - PIE DE IMPRENTA
Fecha de publicación, distribución, etc. 2018
300 ## - DESCRIPCIÓN FÍSICA
Extensión 108 páginas
650 ## - Materia General
Materia general INGENIERÍA DE SOFTWARE
650 ## - Materia General
Materia general PEQUEÑAS Y MEDIANAS EMPRESAS
650 ## - Materia General
Materia general ADMINISTRACIÓN DE EMPRESAS
650 ## - Materia General
Materia general NORMAS ISO/ IEC 29110
650 ## - Materia General
Materia general PROCESOS EN SOFTWARE
942 ## - Punto de Acceso Adicional Koha
Tipo de ítem Koha Libro
Existencias
Estado perdido Estado dañado No para préstamo Biblioteca permanente Biblioteca actual Signatura completa Código de barras Precio efectivo a partir del Tipo de ítem
      Departamento de Biblioteca y Documentación Alfonso Chase Brenes Departamento de Biblioteca y Documentación Alfonso Chase Brenes 005.1 P657i 25069 08/09/2020 Libro